| 000 | 00000nam##2200000za#4500 |
| 001 | 9.576669 |
| 003 | CaOODSP |
| 005 | 20210624185239 |
| 007 | cr ||||||||||| |
| 008 | 150406|1987||||xxc|||||o f|0| 0 eng|d |
| 040 | |aCaOODSP|beng |
| 043 | |an-cn--- |
| 086 | 1 |aFs97-13/665E-PDF |
| 110 | 1 |aCanada. |bDepartment of Fisheries and Oceans. |
| 245 | 10|aZooplankton in lake 223, Experimental Lakes Area, Northwestern Ontario, 1974-1983 / |h[electronic resource]|cby P.S.S. Chang and D.F. Malley. |
| 260 | |aWinnipeg - Manitoba : |bFisheries and Oceans Canada |c1987. |
| 300 | |a239p.|bfigs., references, tables |
| 490 | 1 |aCanadian data report of fisheries and aquatic sciences|vNo. 665 |
| 500 | |aOn t.p.: Central and Arctic Region, Winnipeg, Manitoba. Catalogue number of the print edition appears in the PDF version. |
| 546 | |a(Résumé en français) |
| 590 | |a13-18-Supp|b2013-08-01 |
| 720 | 1 |aMalley, Diane F. |
| 720 | 1 |aChang, P. S. S. |
| 830 | #0|aCanadian data report of fisheries and aquatic sciences ;|vNo. 665|w(CaOODSP)9.505124 |
| 856 | 40|ahttp://publications.gc.ca|qPDF|s5642 KB|uhttps://publications.gc.ca/collections/collection_2013/mpo-dfo/Fs97-13-665-eng.pdf|yNo. 665 |